000 01627nam a2200241Ia 4500
003 Ost
005 20260416102355.0
008 260416s9999||||xx |||||||||||||| ||und||
040 _cfsecg
041 _aara
082 _a330.12
100 _aحداد، محمد
_eمؤلف
245 0 _aمحاضرات في تاريخ الوقائع الإقتصادية /
_c محمد حداد
260 _aالجزائر
_bجامعة الجزائر3: كلية العلوم الإقتصادية، العلوم التجارية وعلوم التسيير
_c2020
300 _a109 ورقة
_bايضاحات
_c30 سم
504 _aمراجع ص.108
520 _aالوقائع الاقتصادية قبل ظهور النظام الرأسمالي و إسهامات الفكر الكلاسيكي في الوقائع الاقتصادية و مساهمة كارل ماركس في تحليل الواقع الاقتصادي و التحليل النيوكلاسيكي للواقع الاقتصادي و تحليل الواقع الاقتصادي بعد أزمة الكساد 1929 و كذا إتفاقية التعريفات الجمركية جات و أثرها على الاقتصاد العالمي و التطرق الى المنظمة العالمية للتجارة و أثرها على الاقتصاد العالمي
653 _aالاقتصاد
653 _aالتنمية الاقتصادية
653 _aالوقائع الاقتصادية
710 _aجامعة الجزائر3: كلية العلوم الإقتصادية، العلوم التجارية وعلوم التسيير
_eناشر علمي
942 _cHANDOUT
999 _c41186
_d41186